[Event "CZE-chT 9697"]
[Site "CZE"]
[Date "1997.??.??"]
[Round "8"]
[White "Zigo, Viktor"]
[Black "Cech, Pavel"]
[Result "1/2-1/2"]
[WhiteElo "2285"]
[BlackElo "2330"]

1.Nf3 e6 2.c4 d5 3.d4 Nf6 4.Nc3 Be7 5.Bg5 Nbd7 6.e3 O-O 7.Bd3 c6 8.O-O dxc4
9.Bxc4 Nd5 10.Bxe7 Qxe7 11.Rc1 Nxc3 12.Rxc3 e5 13.dxe5 Nxe5 14.Nxe5 Qxe5
15.Qb3 Qe7 16.Rd1 Bf5 17.Bd3 Be6 18.Qc2 g6 19.a3 Rad8 20.Be4 Bg4 21.Rxd8 Rxd8
22.Rd3 Rxd3 23.Qxd3 c5 24.Bd5 b6 25.h3 Bc8 26.Qc4 a5 27.a4 Kg7 28.Qf4 Qf6
29.Qxf6+ Kxf6 30.b3 Bd7 31.Bc4 Bc6 32.f3 Ke7 33.Kf2 f6 34.e4 Kd6 35.Ke3 g5
36.g3 h6 37.f4 Bd7 38.h4 gxh4 39.gxh4 Bg4 40.Kd3 Bh3 41.Ke3 Bg4 42.Kd2 Bf3
43.Bd3 Bg4 44.Kc3 Be6 45.Be2 Bc8 46.Kd2 Be6 47.Bc4 Bd7 48.Ke3  1/2-1/2

[Event "Neckar op 1st"]
[Site "Deizisau"]
[Date "1997.??.??"]
[Round "8"]
[White "Koch, Hans Juergen"]
[Black "Gasthofer, Viktor"]
[Result "0-1"]
[WhiteElo "2075"]
[BlackElo "2380"]

1.c4 e6 2.Nf3 d5 3.d4 Nf6 4.g3 Bb4+ 5.Bd2 Be7 6.Bg2 O-O 7.Bc3 c6 8.Nbd2 b6
9.O-O Bb7 10.Qc2 Nbd7 11.Rad1 Qc7 12.Rfe1 Rfd8 13.e4 Rac8 14.Ne5 Nxe5 15.dxe5 Nxe4
16.Nxe4 dxe4 17.Bxe4 h6 18.c5 Bxc5 19.Qe2 Be7 20.Qf3 Ba6 21.Bc2 Rxd1 22.Rxd1 Rd8
23.Rxd8+ Bxd8 24.h4 c5 25.Qe4 g6 26.Qa4 Bb7 27.Qe8+ Kg7 28.Bd2 g5 29.hxg5 hxg5
30.Qb5 Qc6 31.Qxc6 Bxc6 32.f4 Bd5 33.a3 f5 34.Be3 Be7 35.Kf2 Kg6 36.g4 c4
37.gxf5+ exf5 38.fxg5 Bxg5 39.Bxg5 Kxg5 40.Ke3 f4+ 41.Kd4 f3 42.Ke3 Kg4 43.e6 Kg3
44.e7 Bf7 45.Be4 f2 46.Ke2 Be8 47.Bd5 b5 48.a4 c3 49.bxc3 bxa4 50.Bc4 a3
51.Bb5  0-1

[Event "Dresden op"]
[Site "Dresden"]
[Date "1997.??.??"]
[Round "6"]
[White "Salov, Sergei"]
[Black "Escher, Clemens"]
[Result "1/2-1/2"]
[WhiteElo "2275"]
[BlackElo "2175"]

1.c4 e6 2.Nf3 d5 3.b3 Nf6 4.Bb2 Be7 5.g3 O-O 6.Bg2 c6 7.d3 Nbd7 8.O-O Re8
9.Nbd2 Bf8 10.Qc2 e5 11.e3 b6 12.Bc3 Bb7 13.Qb2 Qe7 14.a3 c5 15.d4 cxd4 16.exd4 e4
17.Rfe1 Qd6 18.Ne5 Rac8 19.Bh3 Rcd8 20.Nf1 Qb8 21.Nxd7 Nxd7 22.Ne3 Nf6 23.Bb4 Bc8
24.Bg2 dxc4 25.bxc4 Bd6 26.Rad1 Ng4 27.Nd5 f5 28.Bxd6 Qxd6 29.Qb4 Qd7 30.h3 Nh6
31.h4 Bb7 32.Nf4 Ng4 33.Qc3 Qd6 34.d5 Qe5 35.Qd4 Qxd4 36.Rxd4 Ne5 37.Re3 Rc8
38.Rc3 Ba6 39.d6 Rxc4 40.Rcxc4 Bxc4 41.g4 g6 42.gxf5 gxf5 43.d7 Rd8 44.Bxe4 fxe4
45.Rxe4 Nf3+ 46.Kg2 Nxh4+ 47.Kh3 Rxd7 48.Rxc4 Nf5 49.Kg4 Nd4 50.Rc8+ Kf7
51.Rh8 Kg7 52.Rc8 Nb5 53.a4 Nd6 54.Nh5+ Kf7 55.Rc3 Ne4 56.Rf3+ Ke8 57.Rf4 Re7
58.f3 Nc5 59.Nf6+ Kd8 60.Rd4+ Kc8 61.f4 Kb7  1/2-1/2

[Event "Faro op"]
[Site "Faro"]
[Date "1997.??.??"]
[Round "3"]
[White "Hernandez, Roman"]
[Black "Guerra, Victor"]
[Result "1-0"]
[WhiteElo "2430"]
[BlackElo "2130"]

1.c4 e6 2.Nf3 d5 3.d4 Nf6 4.Nc3 Be7 5.Bg5 Nbd7 6.e3 O-O 7.Rc1 a6 8.cxd5 exd5
9.Bd3 Re8 10.O-O c6 11.Bb1 Ne4 12.Bf4 f5 13.Nxd5 Bd6 14.Bxd6 Nxd6 15.Nf4 Nf6
16.a3 Nde4 17.Ba2+ Kf8 18.Qb3 Re7 19.d5 cxd5 20.Rfd1 Rc7 21.Qb6 Ne8 22.Nxd5 Rxc1
23.Rxc1 Bd7 24.Qb4+ N4d6 25.Nb6 a5 26.Qb3 Be6 27.Qxe6 Qxb6 28.Ne5 Rd8 29.b4  1-0

[Event "FRA-chT9697 groupe A"]
[Site "France"]
[Date "1997.??.??"]
[Round "4"]
[White "Daly, Colm"]
[Black "Rausis, Igors"]
[Result "0-1"]
[WhiteElo "2310"]
[BlackElo "2470"]

1.c4 e6 2.Nf3 d5 3.d4 Nf6 4.g3 dxc4 5.Bg2 Bb4+ 6.Bd2 a5 7.a3 Bxd2+ 8.Nbxd2 b5
9.e4 Bb7 10.Qe2 O-O 11.h4 Nc6 12.e5 Nxd4 13.Nxd4 Bxg2 14.Nxe6 fxe6 15.Rh2 Bd5
16.exf6 Qxf6 17.Rb1 Rad8 18.f4 e5 19.fxe5 Qg6 20.Qe3 Bf3 21.Rc1 Qxg3+ 22.Qf2 Qxe5+  0-1

[Event "Geneve op"]
[Site "Geneve"]
[Date "1997.??.??"]
[Round "5"]
[White "Schmittdiel, Eckhard"]
[Black "Preissmann, Emmanuel"]
[Result "0-1"]
[WhiteElo "2440"]
[BlackElo "2365"]

1.c4 e6 2.Nf3 d5 3.b3 Be7 4.Bb2 Bf6 5.d4 dxc4 6.bxc4 c5 7.e3 Nc6 8.Be2 Nge7
9.Na3 cxd4 10.exd4 Nf5 11.Nc2 Qa5+ 12.Qd2 Qxd2+ 13.Kxd2 O-O 14.Rhd1 b6 15.Ke1 Bb7
16.Ne3 Nxe3 17.fxe3 Rac8 18.Rac1 Na5 19.Ba3 Rfd8 20.Bb4 Nc6 21.Bc3 Ne7 22.Bd3 Ng6
23.Ke2 Rc7 24.g3 Ba6 25.Nd2 Ne7 26.Rc2 g6 27.g4 h6 28.Rdc1 Bg7 29.h4 f5 30.Rg1 f4
31.Rd1 fxe3 32.Kxe3 b5 33.Nf3 bxc4 34.Be4 Nd5+ 35.Kf2 Rf8 36.Bxd5 exd5 37.Re2 Rcf7
38.Re3 Bc8 39.Kg3 Rf4 40.Nh2 Re4 41.Rxe4 dxe4 42.Re1 Bb7 43.Rb1 Rf7 44.Rb4 Bf8
45.Rxc4 Bd6+ 46.Kg2 e3+ 47.Kg1 Rf2  0-1

[Event "BL9798 (Women)"]
[Site "Germany"]
[Date "1997.??.??"]
[Round "?.1"]
[White "Peng, Zhaoqin"]
[Black "Lalic, Susan"]
[Result "1-0"]
[WhiteElo "2400"]
[BlackElo "2375"]

1.Nf3 e6 2.c4 d5 3.d4 c5 4.cxd5 exd5 5.Bg5 Be7 6.Bxe7 Qxe7 7.e3 Nf6 8.dxc5 Qxc5
9.Be2 Nc6 10.O-O O-O 11.Nbd2 Bf5 12.Nb3 Qd6 13.Rc1 Rfe8 14.Nfd4 Be4 15.Nxc6 bxc6
16.Qd4 Nd7 17.Nc5 Nxc5 18.Rxc5 Qg6 19.g3 Re6 20.Rfc1 Rf6 21.f3 Bf5 22.Bf1 Re8
23.Bg2 h5 24.b4 h4 25.Qxh4 Rxe3 26.b5 Bd7 27.bxc6 Bxc6 28.Rxd5 Rfe6 29.Rxc6 Re1+
30.Bf1 Rxf1+ 31.Kxf1 Qb1+ 32.Kg2 Re2+ 33.Kh3 Qf1+ 34.Kg4 Re8 35.Rh5 Re4+
36.fxe4 Qe2+ 37.Kf4 Qf2+ 38.Ke5 Qb2+ 39.Kd6 Qb8+ 40.Kc5  1-0

[Event "BL2-O9697"]
[Site "Germany"]
[Date "1997.??.??"]
[Round "?.2"]
[White "Pribyl, Josef"]
[Black "Zolnierowicz, Krzysztof"]
[Result "1/2-1/2"]
[WhiteElo "2445"]
[BlackElo "2370"]

1.c4 e6 2.Nf3 d5 3.b3 Nf6 4.Bb2 Be7 5.g3 O-O 6.Bg2 c5 7.O-O Nc6 8.e3 a5 9.Nc3 d4
10.exd4 cxd4 11.Nb5 e5 12.Re1 Nd7 13.d3 f6 14.Nh4 f5 15.Nf3 Bb4 16.Re2 Re8
17.a3 Be7 18.Qc2 Bf6 19.Nd6 Rf8 20.c5 g6 21.Rae1 Kg7 22.Qc4 Nxc5 23.Qxc5 Be7
24.Nxe5 Bxd6 25.Nxc6 Bxc5 26.Nxd8 Rxd8 27.Rc1 Bf8 28.Rc4 Ra6 29.Rc7+ Kg8
30.Rec2 Be6 31.Rxb7 f4 32.gxf4 Bf5 33.Rc4 Re6 34.h3 Re1+ 35.Kh2 Bd6 36.Rxd4 Re2
37.Bc1 Rxf2 38.Rb6 Re8 39.Kg3 Bc5 40.Bd5+ Kf8 41.Rf6+ Ke7 42.Rf7+ Kd6 43.Rc4 Ra2
44.d4 Kxd5 45.Rxc5+ Kxd4 46.Rc4+ Kd3 47.Rxh7 Re1 48.Rhc7 Rg1+ 49.Kh4 Rh2
50.Rc3+ Ke4 51.R3c4+ Kd3 52.Rc3+ Ke4 53.R3c4+ Kd3 54.Rc3+ Ke4  1/2-1/2

[Event "BL2-O9697"]
[Site "Germany"]
[Date "1997.??.??"]
[Round "?.2"]
[White "Pribyl, Josef"]
[Black "Hamann, Sven"]
[Result "1/2-1/2"]
[WhiteElo "2445"]
[BlackElo "2215"]

1.c4 e6 2.Nf3 d5 3.g3 c5 4.Bg2 Nc6 5.O-O Nf6 6.b3 Be7 7.Bb2 O-O 8.e3 b6 9.Nc3 Bb7
10.d3 Qc7 11.Qe2 Rad8 12.Rfd1 Qb8 13.Rac1 dxc4 14.dxc4 Rxd1+ 15.Rxd1 Rd8
16.Ng5 Rxd1+ 17.Qxd1 Qd8 18.Qxd8+ Nxd8 19.Bxb7 Nxb7 20.Nb5 a6 21.Nc3 Nd7
22.h4 Nd6 23.Nge4 Nxe4 24.Nxe4 f6 25.Kf1 Kf7 26.Ke2 g6 27.f4 h6 28.Nf2 f5
29.e4 Nf6 30.Be5 Bd8 31.a4 a5 32.Kf3 h5 33.Bxf6 Bxf6 34.Nd3 Bd8 35.Ne5+ Kf6
36.Ke3 Bc7 37.Nd7+ Ke7 38.Ne5 Kf6 39.Nc6 Kf7 40.Na7 Ke7 41.Nb5 Kd7 42.Kf3 Bd8
43.Nc3 Ke7 44.Nd1 Kf6 45.Nf2 Bc7 46.Nd3 Kf7 47.Ne5+ Kf6  1/2-1/2

[Event "Landesliga Sued 9697 Bayern"]
[Site "Germany"]
[Date "1997.??.??"]
[Round "?"]
[White "Luft, Martin"]
[Black "Andersen, Jens Knud"]
[Result "1/2-1/2"]
[WhiteElo "2105"]
[BlackElo "2160"]

1.c4 e6 2.Nf3 d5 3.b3 Nf6 4.Bb2 Be7 5.g3 O-O 6.Bg2 c5 7.O-O b6 8.e3 Bb7 9.d3 Na6
10.a3 Nc7 11.Qc2 a6 12.Rd1 Qb8 13.Nbd2 Rd8 14.Rab1 Qa7 15.Ba1 Rac8 16.Bb2 Nce8
17.Ba1 h6 18.Bb2 Qa8 19.Ne1 Nd6 20.Ba1 Nde8 21.Bb2 Nh7 22.Ndf3 Nf8 23.Ba1 Bf6
24.Bxf6 Nxf6 25.Qb2 b5 26.Nd2 Ng6 27.Qc2 dxc4 28.bxc4 Bxg2 29.Nxg2 Ne5 30.cxb5 axb5
31.Rxb5 Rxd3 32.Ne1 Rxa3 33.Rxc5 Rxc5 34.Qxc5 Nd3 35.Qd6 Qa4 36.Qb8+ Ne8
37.Qb1 Nxe1 38.Rxe1 Nf6 39.Qb8+ Kh7 40.Qb1+ Kg8 41.Qb8+  1/2-1/2

[Event "Landesliga Nord 9697 Bayern"]
[Site "Germany"]
[Date "1997.??.??"]
[Round "?"]
[White "Kreuzer, Gerhard"]
[Black "Krug, Stefan"]
[Result "1/2-1/2"]
[WhiteElo "2140"]
[BlackElo "2115"]

1.c4 e6 2.Nf3 d5 3.g3 Nf6 4.Bg2 Be7 5.O-O O-O 6.d3 c5 7.Nc3 Nc6 8.e3 b6 9.Qc2 Bb7
10.b3 dxc4 11.bxc4 a6 12.Rb1 Qc7 13.Rd1 Rfd8 14.Rd2 Rab8 15.a3 Nd7 16.Bb2 Ba8
17.Ba1 Bf6 18.Ne4 Bxa1 19.Rxa1 Nce5 20.Ne1 Bxe4 21.Bxe4 Nf6 22.Bg2  1/2-1/2

[Event "NRW-Liga 9798"]
[Site "Germany"]
[Date "1997.??.??"]
[Round "4"]
[White "Balster, Stefan"]
[Black "Bayer, Ernst Wolfgang"]
[Result "0-1"]
[WhiteElo "2295"]
[BlackElo "2285"]

1.c4 e6 2.Nf3 d5 3.b3 Nf6 4.g3 c5 5.cxd5 Nxd5 6.Bb2 b6 7.Bg2 Bb7 8.O-O Nf6
9.Nc3 Be7 10.Rc1 O-O 11.d4 Na6 12.Nb5 Nb4 13.a3 Nbd5 14.dxc5 bxc5 15.a4 Qc8
16.Ba3 Rd8 17.Qe1 a6 18.Nbd4 Ne4 19.Ne5 Ndf6 20.Ndf3 Bd5 21.Nc4 Rb8 22.Rb1 Nd6
23.Nfd2 Bxg2 24.Kxg2 Qc6+ 25.f3 Nf5 26.e4 Nd4 27.Qe3 Qd7 28.Rbc1 h6 29.Rfd1 Qb7
30.Rc3 Nd7 31.Rdc1 Bf6 32.e5 Bg5 33.Qe4 Qxe4 34.fxe4 Ne2 35.Rd3 Nxc1 36.Bxc1 Nf8
37.Nd6 Ng6 38.Rc3 Nxe5 39.N2c4 Nxc4 40.Bxg5 hxg5 41.Nxc4 Rd4 42.Ne5 Rdb4
43.Nc6 Rxb3 44.Nxb8 Rxc3 45.Nxa6 c4 46.Kf2 Ra3 47.Nc5 c3 48.Ke2 c2 49.Kd2 c1=Q+  0-1

[Event "Goetzis IM4"]
[Site "Goetzis"]
[Date "1997.??.??"]
[Round "5"]
[White "Amann, Guenter"]
[Black "Donev, Ivo Hristov"]
[Result "1/2-1/2"]
[WhiteElo "2280"]
[BlackElo "2410"]

1.c4 e6 2.Nf3 d5 3.d4 Nf6 4.g3 dxc4 5.Bg2 c5 6.O-O Nc6 7.Ne5 Nxe5 8.dxe5 Qxd1
9.Rxd1 Nd5 10.Na3 Be7 11.Nxc4 O-O 12.Nd6 Rd8  1/2-1/2

[Event "Excelsior Cup"]
[Site "Gothenborg"]
[Date "1997.??.??"]
[Round "8"]
[White "Gretarsson, Helgi Ass"]
[Black "Hector, Jonny"]
[Result "1/2-1/2"]
[WhiteElo "2470"]
[BlackElo "2500"]

1.c4 e6 2.Nf3 d5 3.e3 Nf6 4.b3 Bd6 5.Bb2 O-O 6.Nc3 Qe7 7.Nb5 e5 8.Nxd6 cxd6
9.Be2 Nc6 10.O-O Rd8 11.d4 b6 12.cxd5 Nxd5 13.Rc1 Bb7 14.Bb5 Ncb4 15.a3 Na2
16.e4 Nxc1 17.exd5 e4 18.Re1 Qc7 19.Rxe4 Bxd5 20.Re3 Rac8 21.Ne1 a5 22.Qh5 Qb7
23.Qd1 Qc7 24.Qh5 Qb7 25.Qd1  1/2-1/2

[Event "Wichern op"]
[Site "Hamburg"]
[Date "1997.??.??"]
[Round "3"]
[White "Buhr, Carl Christian"]
[Black "Grabliauskas, Virginijus"]
[Result "1/2-1/2"]
[WhiteElo "2340"]
[BlackElo "2445"]

1.c4 e6 2.Nf3 d5 3.b3 Nf6 4.Bb2 a5 5.g3 a4 6.Qc1 c6 7.Bg2 Nbd7 8.O-O Qb6
9.d4 axb3 10.c5 Qc7 11.axb3 Rxa1 12.Bxa1 b6 13.b4 bxc5 14.bxc5 g6 15.Qa3 Bg7
16.Nbd2 O-O 17.Bc3 Bb7 18.Ra1 Ra8 19.Qc1 Rxa1 20.Qxa1 h6 21.Bf1 g5 22.Qa7 Ne8
23.e3 Qb8 24.Qxb8 Nxb8 25.Ba5 Ba6 26.Bxa6 Nxa6 27.Nb3 f6 28.Ne1 Kf7 29.f3 e5
30.Kf2 h5 31.Nd3 Ke6 32.f4 exf4 33.exf4 g4 34.Ne1 f5 35.Ng2 Nf6 36.Nh4 Ne4+
37.Ke3 Bf6 38.Ng6 Nb8 39.Bc7 Na6 40.Ba5 Nb8 41.Bc7 Na6 42.Ba5  1/2-1/2

[Event "Helsinki-ch"]
[Site "Helsinki"]
[Date "1997.??.??"]
[Round "2"]
[White "Keskisarja, Teemu"]
[Black "Kilpi, Teemu"]
[Result "1-0"]
[WhiteElo "2290"]
[BlackElo "2170"]

1.c4 e6 2.Nf3 d5 3.g3 c5 4.Bg2 Nc6 5.cxd5 exd5 6.d4 Nf6 7.O-O Be7 8.Nc3 O-O
9.dxc5 Bxc5 10.Bg5 d4 11.Bxf6 Qxf6 12.Ne4 Qe7 13.Nxc5 Qxc5 14.Qd2 Bg4 15.h3 Be6
16.Ne1 Rac8 17.Nd3 Qd6 18.Nf4 Rfd8 19.Rfd1 Bc4 20.b3 Ba6 21.Rac1 Rc7 22.b4 Re7
23.Rc5 Re5 24.Rdc1 Rxc5 25.Rxc5 Ne7 26.Rc1 Ng6 27.Nd5 Qe5 28.b5  1-0

[Event "HUN-chT 9798"]
[Site "Hungary"]
[Date "1997.??.??"]
[Round "?"]
[White "Borocz, Istvan"]
[Black "Horvath, Peter"]
[Result "1/2-1/2"]
[WhiteElo "2420"]
[BlackElo "2415"]

1.c4 e6 2.Nf3 d5 3.e3 Nf6 4.b3 b6 5.Bb2 Bb7 6.d4 Nbd7 7.Bd3 Bb4+ 8.Nc3 Ne4
9.Rc1 O-O 10.O-O Nxc3 11.Bxc3 Bxc3 12.Rxc3 c5 13.Qc2 dxc4 14.Bxh7+ Kh8 15.Be4 cxb3
16.axb3 Bxe4 17.Qxe4 Qf6 18.Qb7 cxd4 19.exd4 Nc5 20.Qc6 Rac8 21.Qb5 Rcd8
22.Re3 Nb7 23.Qa6 Nd6 24.Qxa7 Nf5 25.Re4 Nxd4 26.Nxd4 Rxd4 27.Rxd4 Qxd4 28.Qe7  1/2-1/2

[Event "ISL-chT"]
[Site "Iceland"]
[Date "1997.??.??"]
[Round "?"]
[White "Bjarnason, Saevar"]
[Black "Thorhallsson, Throstur"]
[Result "0-1"]
[WhiteElo "2285"]
[BlackElo "2500"]

1.c4 e6 2.Nf3 d5 3.g3 Nf6 4.Bg2 Be7 5.O-O O-O 6.b3 c5 7.cxd5 Nxd5 8.Bb2 Nc6
9.d3 b6 10.Nbd2 Bf6 11.Qc1 Bb7 12.a3 Rc8 13.Re1 Qe7 14.Bxf6 Nxf6 15.Qb2 a5
16.Nc4 Qc7 17.Rac1 Rfd8 18.Nfe5 Nxe5 19.Qxe5 Bxg2 20.Qxc7 Rxc7 21.Kxg2 Rb8
22.Rb1 Nd5 23.Rec1 Rd7 24.Ne3 Rd6 25.Kf3 f6 26.Nc4 Rd7 27.e3 Ra7 28.e4 Ne7
29.b4 axb4 30.axb4 cxb4 31.Rxb4 b5 32.Nb2 Rb6 33.Ke3 Nc6 34.Rb3 e5 35.Rc5 Nd4
36.Rb4 Ra1 37.f4 Re1+ 38.Kd2 Re2+ 39.Kd1 Rxh2 40.fxe5 fxe5 41.Nc4 Rf6 42.Rc8+ Kf7
43.Nxe5+ Ke7 44.Ke1 Re2+  0-1

[Event "Kastel Stari op"]
[Site "Kastel Stari"]
[Date "1997.??.??"]
[Round "7"]
[White "Fercec, Nenad"]
[Black "Paraminski, Albina"]
[Result "1-0"]
[WhiteElo "2430"]
[BlackElo "2170"]

1.c4 e6 2.Nf3 d5 3.g3 Nf6 4.Bg2 c6 5.O-O Bd6 6.Qc2 Nbd7 7.d3 O-O 8.Nc3 Qc7
9.Rb1 a5 10.a3 b6 11.b4 Ba6 12.Qb3 Rac8 13.Bd2 axb4 14.axb4 dxc4 15.dxc4 c5
16.b5 Bb7 17.Ra1 Ra8 18.Nh4 Bxg2 19.Nxg2 Qb7 20.Qc2 Rfd8 21.f4 Rxa1 22.Rxa1 Ra8
23.Rd1 h5 24.e4 Be7 25.h3 Nf8 26.Be1 N6d7 27.Qe2 g6 28.g4 hxg4 29.hxg4 Ra3
30.g5 e5 31.Nd5 Bd8 32.f5 Bxg5 33.Qg4 Bd8 34.Bh4 f6 35.fxg6 Kg7 36.Nge3 Nxg6
37.Nf5+ Kf7 38.Nd6+  1-0

[Event "Klatovy op-A"]
[Site "Klatovy"]
[Date "1997.??.??"]
[Round "?"]
[White "Kozak, Milos"]
[Black "Paldus, P."]
[Result "1/2-1/2"]
[WhiteElo "2210"]
[BlackElo "2015"]

1.c4 e6 2.Nf3 d5 3.d4 dxc4 4.e3 c5 5.Bxc4 cxd4 6.exd4 Nf6 7.O-O a6 8.a4 Be7
9.Nc3 O-O 10.Re1 Nbd7 11.Bg5 Nb6 12.Ba2 Nbd5 13.Rc1 Rb8 14.Ne5 Bd7 15.Bxf6 Nxf6
16.d5 exd5 17.Nxd5 Nxd5 18.Bxd5 Bf6 19.Qf3 Bxe5 20.Rxe5 Bc6  1/2-1/2

[Event "Klatovy op-A"]
[Site "Klatovy"]
[Date "1997.??.??"]
[Round "?"]
[White "Buldrova, Monika"]
[Black "Chalupecky, V."]
[Result "1/2-1/2"]
[WhiteElo "1795"]
[BlackElo "1910"]

1.c4 e6 2.Nf3 d5 3.e3 c5 4.b3 Nc6 5.Bb2 Nf6 6.d3 Be7 7.Be2 O-O 8.O-O b6 9.Nc3 Bb7
10.Rc1 a6 11.a3 dxc4 12.dxc4 Qc7 13.Qc2 Bd6 14.h3 Ne7 15.Rcd1 Nf5 16.e4 Nd4
17.Nxd4 cxd4 18.Rxd4 Be5 19.Rdd1 Bxc3 20.Qxc3 Bxe4 21.Bd3 Bg6 22.Rd2 Rfd8
23.Rfd1 Ne8 24.Bxg6 hxg6 25.Rxd8 Rxd8 26.Rxd8 Qxd8 27.Qd4 Qd6 28.b4 Kf8 29.f3 Ke7
30.Kf2 Qxd4+ 31.Bxd4 Nd6 32.c5 Nb5 33.Be3 Nxa3 34.cxb6 Kd7 35.Ke2 Nc4 36.Bc5 Kc6
37.Bf8 Nxb6 38.Bxg7 Kb5 39.Bf8 Nd5 40.Kd3 Nxb4+ 41.Ke4 Kc4 42.Ke5 Nd5 43.g4 g5
44.Bh6 f6+ 45.Kxe6 a5 46.Bf8 a4 47.Kf5 Kb3 48.Ke4 Nf4 49.Bg7 Nxh3 50.Bxf6 a3
51.f4 Nxf4 52.Bxg5 a2 53.Bf6 Ne6 54.Kf5 Nc7  1/2-1/2

[Event "Klatovy op-A"]
[Site "Klatovy"]
[Date "1997.??.??"]
[Round "?"]
[White "Capek, Ivan"]
[Black "Roj, Miroslav"]
[Result "0-1"]
[WhiteElo "2000"]
[BlackElo "2205"]

1.Nf3 e6 2.c4 d5 3.d4 c6 4.cxd5 exd5 5.Nc3 Bf5 6.Bf4 Bd6 7.Bxd6 Qxd6 8.e3 Nf6
9.Bd3 Bxd3 10.Qxd3 Nbd7 11.O-O O-O 12.h3 Rfe8 13.Nd2 a5 14.Rae1 Rad8 15.Qb1 b5
16.Rc1 Re6 17.Ne2 Qe7 18.Rc2 Nh5 19.Nb3 a4 20.Nc5 Rg6 21.Nxd7 Qxd7 22.Kh2 Qd6+
23.Kh1 Qf6 24.Qd1 Rd6 25.Ng3 Rxg3 26.fxg3 Nxg3+ 27.Kg1 Nxf1 28.Qxf1 Qxf1+
29.Kxf1 f5 30.Kf2 Kf7 31.Kf3 Kf6 32.g3 Re6 33.h4 h6 34.Rh2 Kg6 35.a3 Kf6
36.Rh1 g6 37.Rh2 Ke7 38.Kf4 Kd6 39.Rc2 Re4+ 40.Kf3 Re8 41.Kf4 Re4+ 42.Kf3 Re8
43.Kf4 Re4+ 44.Kf3 Kc7 45.Rc1 Kb6 46.Rc3 g5 47.hxg5 hxg5 48.Rc1 Re6 49.Rh1 b4
50.axb4 Kb5 51.Rc1 Kxb4 52.Rc3 Rh6 53.Kg2 Kb5 54.Rc5+ Kb6 55.Rc1 Rh8 56.Ra1 Kb5
57.Rc1 Rb8 58.Rc5+ Kb6 59.Rc2 Kc7 60.Rf2 g4 61.Kf1 Rb3 62.Re2 Kb6 63.Kf2 Rb4
64.Rc2 Rc4 65.Re2 Rc1 66.Re1 Rxe1 67.Kxe1 c5 68.dxc5+ Kxc5 69.Kd2 Kc4 70.Kc2 d4
71.exd4 Kxd4 72.Kd2 Kc4  0-1

[Event "Krasnodar"]
[Site "Krasnodar"]
[Date "1997.??.??"]
[Round "2"]
[White "Poluljahov, Aleksandr"]
[Black "Beshukov, Sergei"]
[Result "1/2-1/2"]
[WhiteElo "2510"]
[BlackElo "2435"]

1.c4 e6 2.Nf3 d5 3.d4 c6 4.g3 Nf6 5.Bg2 Be7 6.O-O Nbd7 7.Qc2 O-O 8.b3 b6
9.Rd1 Bb7 10.Nc3 Rc8 11.e4 h6 12.Ne5 Ba8 13.Bf4 Bb4 14.exd5 cxd5 15.a3 Be7
16.Qb2 Re8 17.a4 Bb4 18.Na2 Bf8 19.Rac1 Ne4 20.Nc3 Nxc3 21.Qxc3 Nxe5 22.Bxe5 Ba3  1/2-1/2

[Event "Krasnodar"]
[Site "Krasnodar"]
[Date "1997.??.??"]
[Round "7"]
[White "Poluljahov, Aleksandr"]
[Black "Maiorov, Oleg"]
[Result "1/2-1/2"]
[WhiteElo "2510"]
[BlackElo "2435"]

1.c4 e6 2.Nf3 d5 3.g3 c6 4.d4 Nf6 5.Bg2 dxc4 6.O-O b5 7.Ne5 Bb7 8.a4 a6 9.b3 cxb3
10.Bb2 Nd5 11.Nd2 Nd7 12.Nxd7 Qxd7 13.Nxb3 Rd8 14.e4 Nb6 15.Nc5 Bxc5 16.dxc5 Qxd1
17.Rfxd1 Nxa4 18.Bxg7 Rg8 19.Bf6 Rd7 20.Rdc1 Rd3 21.Rd1 Rd7 22.Rdc1 Rd3  1/2-1/2

[Event "VfB op 4th"]
[Site "Leipzig"]
[Date "1997.??.??"]
[Round "8"]
[White "Goemann, Jens"]
[Black "Bogdanovich, Grigory"]
[Result "1-0"]
[WhiteElo "2145"]
[BlackElo "2400"]

1.c4 e6 2.Nf3 d5 3.g3 c6 4.b3 b5 5.Bb2 Qb6 6.cxb5 cxb5 7.Bg2 Nf6 8.O-O Nbd7
9.d3 Bb7 10.Nbd2 Bc5 11.e4 O-O 12.d4 Be7 13.exd5 Bxd5 14.Qe2 Rfc8 15.Rfc1 Rxc1+
16.Rxc1 Qa5 17.Ra1 Rc8 18.Nf1 Be4 19.Ne3 Nd5 20.Ne5 Bxg2 21.Kxg2 Nxe3+ 22.Qxe3 Nf6
23.Qe2 Nd5 24.Rc1 Rxc1 25.Bxc1 Bd6 26.a3 a6 27.Qc2 Qc3 28.Qxc3 Nxc3 29.Kf3 Nb1
30.a4 f6 31.axb5 fxe5 32.bxa6 e4+ 33.Kxe4 Nc3+ 34.Kd3 Nd5 35.a7 Nc7 36.Bf4 Bxf4
37.gxf4 Kf7 38.Kc4 Ke7 39.Kc5 Kd7 40.Kb6 Kc8 41.Kc6 Na8 42.b4  1-0

[Event "Linares Mex"]
[Site "Linares"]
[Date "1997.??.??"]
[Round "9"]
[White "Pineda, Boris"]
[Black "Escobedo Tinajero, Alberto"]
[Result "1/2-1/2"]
[WhiteElo "2245"]
[BlackElo "2385"]

1.c4 e6 2.Nf3 d5 3.g3 Nf6 4.Bg2 Be7 5.O-O O-O 6.b3 a5 7.Nc3 c6 8.d4 b6 9.Bf4 Bb7
10.Rc1 Nbd7 11.Qd3 c5 12.cxd5 Nxd5 13.Nxd5 Bxd5 14.Rfd1 Nf6 15.Bg5 cxd4 16.Nxd4 Bxg2
17.Kxg2 Qd5+ 18.Nf3 Qxd3 19.Rxd3 Rac8 20.Rxc8 Rxc8 21.a4 h6 22.Bxf6 Bxf6
23.Rd6 Rb8 24.Nd2 b5 25.Ra6 Bc3 26.Ne4 Bb4 27.g4 bxa4 28.bxa4 Be1 29.Kf3 Rb3+
30.e3 Rb2 31.Ra8+ Kh7 32.Rf8 f6 33.h4 Ra2 34.h5 Rxa4 35.Re8 Bb4 36.Rxe6 Kg8
37.Ra6 Ra1 38.Kf4 a4 39.Kf5 a3 40.Kg6 Rd1 41.Ra8+ Bf8 42.f4 Rc1 43.g5 fxg5
44.fxg5 hxg5 45.Ra6 Rh1 46.Nxg5 Rd1 47.Ne4 Re1 48.Ra8 Rg1+ 49.Kf5 Rf1+ 50.Kg6 Rg1+
51.Ng5 Rf1 52.Ne4  1/2-1/2

[Event "Varsity Oxbridge Match"]
[Site "London"]
[Date "1997.??.??"]
[Round "1"]
[White "Kumaran, Dharshan"]
[Black "Parker, Jonathan"]
[Result "1/2-1/2"]
[WhiteElo "2500"]
[BlackElo "2495"]

1.c4 e6 2.Nf3 d5 3.b3 Nf6 4.Bb2 b6 5.cxd5 exd5 6.e3 Bb7 7.Be2 Bd6 8.d3 O-O
9.Nbd2 Nbd7 10.Rc1 c5 11.O-O Qe7 12.Re1 Rad8 13.Rc2 Ng4 14.Qa1 f5 15.Nf1 Ndf6
16.h3 Nh6 17.Ne5 Nf7 18.d4 Ng5 19.Bd3 Bxe5 20.dxe5 Nd7 21.Ng3 g6 22.Ne2 Rf7
23.Nf4 Nf8 24.Bf1 Nfe6 25.Nxe6 Nxe6 26.Rd2 h5 27.Red1 Qg5 28.f4 Qe7 29.Kh2 Qc7
30.Qb1 h4 31.Kg1 Rfd7 32.Bd3 d4 33.Bc4 Bd5 34.Bxd5 Rxd5 35.e4 fxe4 36.Qxe4 Qf7
37.Rf2 Ng7 38.Re1 Qf5 39.e6 Qxe4 40.Rxe4 Nf5 41.b4 c4 42.e7 Re8 43.Rd2 Rxe7
44.Rxe7 Nxe7 45.Rxd4 Rxd4 46.Bxd4 Nd5 47.b5 Kf7 48.Kf2 Ke6 49.Be5 Kf5 50.Ke1 Nxf4
51.Bb8 Nxg2+ 52.Kd2 Nf4 53.Bxa7 Nd5 54.a4 g5 55.a5 bxa5 56.b6 Nxb6 57.Bxb6 a4
58.Kc3 a3 59.Bc5 g4 60.hxg4+ Ke5 61.Bf2 h3 62.Bg3+ Kf6 63.Bf4 h2  1/2-1/2

[Event "Carlos Torre mem op"]
[Site "Merida"]
[Date "1997.??.??"]
[Round "9"]
[White "Gonzalez, JC."]
[Black "Huerta, Ramon"]
[Result "1-0"]
[WhiteElo "2485"]
[BlackElo "2275"]

1.c4 e6 2.Nf3 d5 3.g3 c6 4.Qc2 b5 5.d3 Nf6 6.Bg2 Be7 7.O-O O-O 8.Nbd2 a5
9.c5 Nbd7 10.d4 Bb7 11.Re1 Ne8 12.e4 Nc7 13.e5 f6 14.exf6 Bxf6 15.Nf1 b4
16.Bf4 Nb5 17.Rad1 g5 18.Bd6 Nxd6 19.cxd6 Re8 20.Ne3 e5 21.dxe5 Nxe5 22.Nf5 Nf7
23.Rxe8+ Qxe8 24.Re1 Qf8 25.Re6 Nd8 26.Re7 Bc8 27.N3d4 Bxf5 28.Nxf5 a4 29.Qe2 Bxe7
30.dxe7 Qe8 31.Qe5  1-0

[Event "Mondariz op"]
[Site "Mondariz"]
[Date "1997.??.??"]
[Round "?"]
[White "Gulko, Boris F"]
[Black "Arizmendi Martinez, Julen Luis"]
[Result "1/2-1/2"]
[WhiteElo "2580"]
[BlackElo "2470"]

1.c4 e6 2.Nf3 d5 3.d4 c5 4.cxd5 exd5 5.g3 Nf6 6.Bg2 Be7 7.O-O O-O 8.Nc3 Nc6
9.Bf4 Bf5 10.Rc1 Rc8 11.dxc5 Bxc5 12.Bg5 d4 13.Nh4 Be6 14.Bxf6 gxf6 15.Nd5 Ne5
16.Nf4 Ng6 17.Nhxg6 hxg6 18.Bxb7 Rc7 19.Bf3 Qd6 20.a3 Rfc8 21.Qd3 Bb6 22.Rxc7 Rxc7
23.Nxe6 Qxe6 24.h4 Qc4 25.Qxc4 Rxc4 26.Be4 f5 27.Bd3 Rc7 28.Kg2 Kg7 29.h5 Rc8
30.hxg6 fxg6 31.Rh1 Bd8 32.g4 fxg4 33.Kg3 Bg5 34.b4 Rc1 35.Rxc1 Bxc1 36.a4 Bd2
37.b5 Kf6 38.Kxg4 g5 39.Bc4 Kg6 40.Be6 Kf6 41.Bc8 Ke5 42.f3 Kd6 43.a5 Kc7
44.Be6 Be3 45.Bc4 Kb7 46.Kf5 Kc7 47.Ke5 Bf2 48.Bd3 Be3 49.Kd5 Bf2 50.Kc5 Be3
51.a6 Bf2 52.b6+ axb6+ 53.Kb5 Be3 54.Be4 Kb8  1/2-1/2

[Event "Moravia-chT 9697"]
[Site "?"]
[Date "1997.??.??"]
[Round "?"]
[White "Nedela, Vlastimil"]
[Black "Frolik, Martin"]
[Result "1-0"]
[WhiteElo "2375"]
[BlackElo "2290"]

1.c4 e6 2.Nf3 d5 3.e3 c5 4.cxd5 exd5 5.d4 Nc6 6.Nc3 Nf6 7.Be2 Bd6 8.dxc5 Bxc5
9.O-O a6 10.b3 O-O 11.Bb2 Ba7 12.Rc1 Qd6 13.Nb1 Rd8 14.Nd4 Bb8 15.g3 Nxd4
16.Qxd4 Ba7 17.Qh4 Bf5 18.Nd2 Ne4 19.Rfd1 Qe6 20.Nxe4 Bxe4 21.Rc7 h6 22.Re7 Qf5
23.Rxb7 Rdc8 24.Bg4 Qg6 25.Rxa7 Rxa7 26.Bxc8 Rc7 27.Qd8+  1-0

[Event "Moravia-chT 9697"]
[Site "?"]
[Date "1997.??.??"]
[Round "?"]
[White "Vavra, Pavel"]
[Black "Michenka, Jozef"]
[Result "1/2-1/2"]
[WhiteElo "2390"]
[BlackElo "2355"]

1.c4 e6 2.Nf3 d5 3.d4 Nf6 4.Bg5 Be7 5.Nc3 O-O 6.e3 Nbd7 7.Qc2 c5 8.cxd5 Nxd5
9.Bxe7 Qxe7 10.Nxd5 exd5 11.dxc5 Nxc5 12.Be2 Bg4 13.O-O Rac8 14.Rac1 Ne4
15.Qd3 Bxf3 16.Bxf3 Qe5 17.Bxe4 dxe4 18.Qb3 b6 19.h3 g6 20.Rfd1 Rxc1 21.Rxc1 Rd8
22.Qc2 Rd3 23.b3 h5 24.h4 Kg7 25.g3 a5 26.Kg2 b5 27.Qc7 Qf5 28.Qf4 Qd5 29.Rc8 Rd2
30.a4 bxa4 31.bxa4 Rb2 32.Qc7 Rxf2+ 33.Kxf2 Qd2+  1/2-1/2

[Event "Moscow-ch"]
[Site "Moscow"]
[Date "1997.??.??"]
[Round "2"]
[White "Gromadin, Gleb"]
[Black "Donchenko, Anatoly G"]
[Result "1/2-1/2"]
[WhiteElo "2190"]
[BlackElo "2390"]

1.c4 e6 2.Nf3 d5 3.g3 Nf6 4.Bg2 Be7 5.O-O O-O 6.b3 b6 7.cxd5 Nxd5 8.Bb2 Bb7
9.Na3 c5 10.d4 Nd7 11.Nc4 N5f6 12.Rc1 Rc8 13.Qd2 b5 14.Na5 Bd5 15.dxc5 Ne4
16.Qe1 Rxc5 17.b4 Rxc1 18.Qxc1 Qa8 19.a3 Rc8 20.Qa1 Bf6 21.Rc1 Bxb2 22.Qxb2 Nb6
23.Nd4 Na4 24.Rxc8+ Qxc8 25.Qc2 Qxc2  1/2-1/2